Snem KDH opäť oživil len Palko

Bibliographic Details
Main Author: Vražda, Daniel, 1965- (Author)
Format: Article
Language:Slovak
PhysicalDescription:Fotogr.
ISSN:1335-440X
Subjects:

MARC

LEADER 00000nab a2200000 a 4500
001 vtls000833904
003 SK-MaSNL
005 20260303224911.0
008 180205c2003 xo 0 slo
015 |a SNBRB2003/04-12888 
035 |a CLN000185559 
040 |a SNKBUCL  |b slo  |c SNKBUCL  |e AACR2 
041 0 |a slo 
044 |a xo  |c SK 
080 |a 329.3:28(437.6)KDH:061.3  |2 UDC-MRF-SK2 
100 1 |a Vražda, Daniel,  |d 1965-  |4 aut  |9 170750 
245 1 0 |a Snem KDH opäť oživil len Palko  |c Daniel Vražda 
300 |b Fotogr. 
610 2 7 |a Kresťanskodemokratické hnutie (politická strana).  |b Snem  |2 snkbucl  |9 1212438 
648 7 |a 2003  |2 SNK  |9 301018 
655 7 |a články z novín a časopisov  |2 snkbucl  |9 267496 
773 0 |x 1335-440X  |t Sme  |g Roč. 11, č. 81 (7.4.2003), s. 2 
850 |a Slovenská národná knižnica v Martine 
852 |a SNK  |b KIS3GCP 
958 |a RBX 
999 |c 2254591  |d 2256521